000 00438nam a22001097a 4500
082 _a954/MIS
100 _aमिश्र डॉ. भारतेश कुमार
_984011
245 _aभारत का सम्‍पूर्ण इतिहास खण्‍ड एक
260 _aदिल्‍ली
_bशिवांक प्रकाशन
_c2011
650 _aभारत का इतिहास
_981926
942 _cBK
999 _c69031
_d69031